00499pam a2200145 a 4500020000500000041000500005082001700010100002100027245006200048260004100110300001700151930000900168999001900177952015700196 c h a751.422bBAR aRichard Botton . aWater Colour Painting Step- by- stephTextual Documents a[s.l]:bPage one Publishing ,c2009. a144:bpaper. a5795 c239585d239585 001040708Text BooksaFAPbFAPd2010-11-27eBhararti Sahakari Grahak Bhandarg876.48l0o751.422 BARpFAP-6120r2023-03-07 00:00:00t1w2023-03-07yBK